00258nam a2200097Ia 4500001000800000005001700008008004100025020001800066245005600084260002000140129113420260417165555.0260417s9999 xx 000 0 und d a9789752127548 0aKüçük Vak Vak Yeni ArkadaşcLauren Thompson bAltın Kitaplar